Novela zákona o dani z pridanej hodnoty schválená v NR SR dňa 22. 3. 1999

Ustanovením sa od 1. 4. 1999 rozširuje predmet úpravy zákona o dani z pridanej hodnoty. Pôvodné znenie ustanovení a komentár k zmeneným a doplneným ustanoveniam.

Gespeichert in:
Bibliographische Detailangaben
1. Verfasser: Zuziková, Alena
Format: Buchkapitel
Sprache:Slowakisch
Schlagworte:
Tags: Tag hinzufügen
Keine Tags, Fügen Sie das erste Tag hinzu!

MARC

LEADER 00000naa a2200000 4500
001 r035219
005 20230919090123.2
041 0 |a slo 
044 |a SK 
245 1 0 |a Novela zákona o dani z pridanej hodnoty schválená v NR SR dňa 22. 3. 1999  |c Alena Zuziková 
520 |a Ustanovením sa od 1. 4. 1999 rozširuje predmet úpravy zákona o dani z pridanej hodnoty. Pôvodné znenie ustanovení a komentár k zmeneným a doplneným ustanoveniam. 
610 2 0 |a dane z hodnoty pridanej 
610 2 0 |a novelizácia 
610 2 0 |a zákony 
610 2 0 |a Slovensko 
610 2 0 |a komentáre 
610 2 0 |a 1999 
100 1 |a Zuziková, Alena